Art of effective communication in Group Discussion and Interview: (Record no. 88834)

MARC details
000 -LEADER
fixed length control field 00602nam a22001937a 4500
005 - DATE AND TIME OF LATEST TRANSACTION
control field 20140919152048.0
010 ## - LCCN (DPL NO)
LC control number BAC-EN21
020 ## - INTERNATIONAL STANDARD BOOK NUMBER
International Standard Book Number 8121940745
Terms of availability 200.00
020 ## - INTERNATIONAL STANDARD BOOK NUMBER
International Standard Book Number 9788121940740
Terms of availability 200.00
037 ## - SOURCE OF ACQUISITION
Stock number DPL
Source of stock number/acquisition Techniz/Ven
100 ## - MAIN ENTRY--PERSONAL NAME
Personal name Singh, O.P.
245 ## - TITLE STATEMENT
Title Art of effective communication in Group Discussion and Interview:
Statement of responsibility, etc by O.P.Singh
Remainder of title for competitive examinations /
250 ## - EDITION STATEMENT
Edition statement 2nd rev.ed
260 ## - PUBLICATION, DISTRIBUTION, ETC. (IMPRINT)
Place of publication, distribution, etc New Delhi
Name of publisher, distributor, etc S. Chand and Company
Date of publication, distribution, etc 2013
270 ## - ADDRESS
Address 7361, Ram Nagar
City New Delhi
Postal code 110055
300 ## - PHYSICAL DESCRIPTION
Extent 273p.:
Dimensions 22cm(pbk)
Other physical details ill.
942 ## - ADDED ENTRY ELEMENTS (KOHA)
Source of classification or shelving scheme Dewey Decimal Classification
Item type English Books

No items available.


© Delhi Public Library
Hit Counter
free hit counter